PHP 4 : (Record no. 179545)

000 -LEADER
fixed length control field 00984 a2200241 4500
003 - CONTROL NUMBER IDENTIFIER
control field Nust
005 - DATE AND TIME OF LATEST TRANSACTION
control field 20220816123147.0
010 ## - LIBRARY OF CONGRESS CONTROL NUMBER
LC control number 2002278631
020 ## - INTERNATIONAL STANDARD BOOK NUMBER
International Standard Book Number 0072133716
035 ## - SYSTEM CONTROL NUMBER
System control number (OCoLC)ocm47192429
040 ## - CATALOGING SOURCE
Transcribing agency Nust
082 00 - DEWEY DECIMAL CLASSIFICATION NUMBER
Classification number 005.133,MCC
100 1# - MAIN ENTRY--PERSONAL NAME
Personal name McCarty, Bill,
9 (RLIN) 97445
245 10 - TITLE STATEMENT
Title PHP 4 :
Remainder of title a beginner's guide /
Statement of responsibility, etc. Bill McCarty.
246 14 - VARYING FORM OF TITLE
Title proper/short title PHP4
260 ## - PUBLICATION, DISTRIBUTION, ETC.
Place of publication, distribution, etc. New York :
Name of publisher, distributor, etc. Osborne/McGraw-Hill,
Date of publication, distribution, etc. c2001.
300 ## - PHYSICAL DESCRIPTION
Extent xxi, 567 p. :
Other physical details ill. ;
Dimensions 24 cm.
505 ## - FORMATTED CONTENTS NOTE
Formatted contents note Part-1: Writing Basic PHP Programs (Page-3), Part-2: Writing More Advances PHP Programs (Page-990, Part-3: Working With Stored Data (Page-199), Part-4: Using Advanced PHP Facilities (Page-339),Part-4: Appendixes (Page-441).
650 #0 - SUBJECT ADDED ENTRY--TOPICAL TERM
Topical term or geographic name entry element PHP (Computer program language)
9 (RLIN) 97446
856 42 - ELECTRONIC LOCATION AND ACCESS
Materials specified Publisher description
Uniform Resource Identifier <a href="http://www.loc.gov/catdir/description/mh024/2002278631.html">http://www.loc.gov/catdir/description/mh024/2002278631.html</a>
856 42 - ELECTRONIC LOCATION AND ACCESS
Materials specified Table of contents
Uniform Resource Identifier <a href="http://www.loc.gov/catdir/toc/mh023/2002278631.html">http://www.loc.gov/catdir/toc/mh023/2002278631.html</a>
942 ## - ADDED ENTRY ELEMENTS (KOHA)
Source of classification or shelving scheme
Koha item type Book
Call number prefix 005.133,MCC
Holdings
Withdrawn status Lost status Source of classification or shelving scheme Damaged status Not for loan Permanent Location Current Location Shelving location Date acquired Full call number Barcode Date last seen Price effective from Koha item type Public note
          Military College of Signals (MCS) Military College of Signals (MCS) General Stacks 12/12/2016 005.133,MCC MCS28521 12/08/2016 12/12/2016 Book Almirah No 5, Shelf No.1
© 2023 Central Library, National University of Sciences and Technology. All Rights Reserved.